New developments in exchange rate economics / (Record no. 17640)
[ view plain ]
| 000 -LEADER | |
|---|---|
| fixed length control field | 00904nam a22002655a 4500 |
| 001 - CONTROL NUMBER | |
| control field | 010763315 |
| 005 - DATE AND TIME OF LATEST TRANSACTION | |
| control field | 20150827094850.0 |
| 008 - FIXED-LENGTH DATA ELEMENTS--GENERAL INFORMATION | |
| fixed length control field | 020531s2002 enka fr 001 ||eng d |
| 020 ## - INTERNATIONAL STANDARD BOOK NUMBER | |
| International Standard Book Number | 1840643994 |
| 040 ## - CATALOGING SOURCE | |
| Original cataloging agency | EG-ScBuE |
| Language of cataloging | eng |
| Transcribing agency | EG-ScBuE |
| 082 04 - DEWEY DECIMAL CLASSIFICATION NUMBER | |
| Classification number | 332.456 |
| Edition number | 22 |
| Item number | NEW |
| 245 00 - TITLE STATEMENT | |
| Title | New developments in exchange rate economics / |
| Statement of responsibility, etc | edited by Lucio Sarno and Mark P. Taylor. |
| 260 ## - PUBLICATION, DISTRIBUTION, ETC. (IMPRINT) | |
| Place of publication, distribution, etc | Cheltenham : |
| Name of publisher, distributor, etc | An Elgar Reference Collection , |
| Date of publication, distribution, etc | c.2002. |
| 300 ## - PHYSICAL DESCRIPTION | |
| Extent | 2 v. |
| Other physical details | ill. ; |
| Dimensions | 26 cm. |
| 490 0# - Series Statement | |
| Series statement | International library of critical writings in economics ; |
| Volume/sequential designation | 148 |
| 500 ## - GENERAL NOTE | |
| General note | Includes indexes. |
| 590 ## - LOCAL NOTE (RLIN) | |
| Local note | yassmeen ashraf |
| 650 #0 - SUBJECT ADDED ENTRY--TOPICAL TERM | |
| Topical term or geographic name as entry element | Foreign exchange rates. |
| 9 (RLIN) | 34055 |
| Source of heading or term | BUEsh |
| 650 #0 - SUBJECT ADDED ENTRY--TOPICAL TERM | |
| Topical term or geographic name as entry element | Foreign exchange market. |
| 9 (RLIN) | 34056 |
| Source of heading or term | BUEsh |
| 651 ## - SUBJECT ADDED ENTRY--GEOGRAPHIC NAME | |
| Source of heading or term | BUEsh |
| 653 ## - INDEX TERM--UNCONTROLLED | |
| Resource For college | BAEPS, Economics |
| Arrived date list | August2015 |
| 700 1# - ADDED ENTRY--PERSONAL NAME | |
| Personal name | Sarno, Lucio. |
| 9 (RLIN) | 34057 |
| 700 1# - ADDED ENTRY--PERSONAL NAME | |
| Personal name | Taylor, Mark P., |
| Dates associated with a name | 1958- |
| 9 (RLIN) | 34058 |
| 942 ## - ADDED ENTRY ELEMENTS (KOHA) | |
| Source of classification or shelving scheme | Dewey Decimal Classification |
| Item type | Book - Borrowing |
| Call number prefix | 332.456 NEW |
| Withdrawn status | Item status | Source of classification or shelving scheme | Damaged status | Not for loan | Vendor | Home library | Current library | Shelving location | Date acquired | Source of acquisition | Total Checkouts | Full call number | Barcode | Date last seen | Koha item type | Public note |
|---|---|---|---|---|---|---|---|---|---|---|---|---|---|---|---|---|
| Dewey Decimal Classification | Baccah | Central Library | Central Library | First floor | 10/10/2013 | 332.456 NEW | 000029380 | 15/07/2025 | Book - Borrowing | v.1 | ||||||
| Dewey Decimal Classification | Central Library | Central Library | First floor | 27/08/2015 | Purchase | 332.456 NEW | 000029379 | 15/07/2025 | Book - Borrowing | v.2 |